000 00612cam a22002291a 4500
001 sa 68005255
003 DLC
005 20260227112507.0
008 881102s1968 ii 000 0 hino
010 _asa 68005255
035 _a(OCoLC)23552942
040 _aDLC
_cMiU
_dWaU
_dDLC
042 _apremarc
043 _aa-ii---
050 0 0 _aDS421.5
_b.C45
100 0 _aSaṃsāra Candra,
_d1917-
245 1 0 _aApanī ḍālī ke kāṇṭe.
260 _aDillī :
_bUmeśa Prakāśana,
_c1968.
300 _a118 p. ;
_c19 cm.
546 _aIn Hindi.
651 0 _aIndia
_xSocial life and customs
_vAnecdotes.
999 _c80609
_d80609